| 000 | 00896nam a2200241 a 4500 | ||
|---|---|---|---|
| 001 | 000008564 | ||
| 005 | 20240412074207.0 | ||
| 008 | 090917s1983 dr a 000 m spa d | ||
| 040 |
_aDO-SdBNP _bspa _cBNPHU |
||
| 082 |
_aRD863.44 _bS468c |
||
| 100 | 1 |
_aSelman Almonte, Aída Margarita, _d1966- _922954 |
|
| 245 | 1 | 0 |
_aCuando la luna llega / _cAída Margarita Selman Almonte ; prólogo Josefina de la Cruz. |
| 260 |
_aSanto Domingo : _bCorripio, _c1983. |
||
| 300 |
_a46 p. : _bil. ; _c22 cm. |
||
| 500 | _aIncluye datos bibiográficos del autor en la contracubierta | ||
| 590 | _aLa biblioteca posee 1 ejemplar autográfiada por la autora. | ||
| 590 | _aInventariado, 2019/VM | ||
| 650 | 0 |
_aCuentos dominicanos _9176 |
|
| 650 | 0 |
_aPoesía dominicana _966 |
|
| 650 | 0 |
_aLiteratura dominicana. _967 |
|
| 700 | 1 | 2 |
_aCruz, Josefina de la, _epról. _922955 |
| 910 | _aValidado. Control de calidad MFF | ||
| 999 |
_c8334 _d8334 |
||